Golden State Warriors 21-22 Roster - Statistics

General Stats
  • This quiz has been taken 90 times
  • The average score is 10 of 15
Answer Stats
Hint Answer % Correct
11 Klay Thompson
100%
30 Stephen Curry
100%
23 Draymond Green
99%
22 Andrew Wiggins
90%
3 Jordan Poole
84%
5 Kevon Looney
84%
00 Jonathan Kuminga
81%
0 Gary Payton II
62%
9 Andre Iguodala
61%
4 Moses Moody
61%
33 James Wiseman
48%
32 Otto Porter Jr.
47%
1 Damion Lee
44%
95 Juan Tascano-Anderson
36%
8 Nemanja Bjelica
26%
No matching quizzes found
Score Distribution
Percent of People with Each Score
Percentile by Number Answered
Your Score History
You have not taken this quiz